Central Library OPAC University of Rajshahi
Normal view MARC view

Entry Personal Name

Number of records used in: 2

001 - CONTROL NUMBER

  • control field: 1010

003 - CONTROL NUMBER IDENTIFIER

  • control field: BD-RjUL

005 - DATE AND TIME OF LATEST TRANSACTION

  • control field: 20220131110654.0

008 - FIXED-LENGTH DATA ELEMENTS

  • fixed length control field: 220131|| aca||aabn | a|a d

040 ## - CATALOGING SOURCE

  • Original cataloging agency: BD-RjUL
  • Transcribing agency: BD-RjUL

100 ## - HEADING--PERSONAL NAME

  • Personal name: Al-Marsafi, Mohamed Hassan Nael ;; المرصفي, محمد حسن نائل

670 ## - SOURCE DATA FOUND

  • Source citation: Work cat.: (BD-RjUL)79285: مقفع, عبد الله بن ;; Muqaffa, Abdullah bin 245145, كليلة ودمنة ;; Kalīlah wa-Dimnah /, 1980